000 00427nam a2200181Ia 4500
001 22556
005 20260414150839.0
008 260414t2009||||xx |||||||||||||| ||spa||
041 _aESP
082 _a621.382
_bM26
100 _aMartínez Muñoz, Damián
_eAUT
245 0 _aTransmisión digital
_b
260 _c2009
300 _a597 páginas :
_c24 cm.
650 _aTCA
654 _aCET
942 _cLIB
_dJUS
_fJUS
_2ddc
_n
999 _c22556
_d22556